004010000a220010900045001000020000002450070000203000057000907730029001479420008001769520090001849990017002741 aPieters, Tracey10aWho'd ever live in Mexico city? Finding joy in missionary service aVol. 78, Num. 3 (Julio-Septiembre,1988), Página 230 tLatin America Evangelist cANA 001040708HEMaFUSBCbFUSBCd2016-01-26l0o r2016-01-26 00:00:00w2016-01-26yANA c55142d55142